| 000 | 00879nam a22002777a 4500 | ||
|---|---|---|---|
| 005 | 20170926091003.0 | ||
| 008 | 17092.52014 ck u||||| |||| 00| 0 spa d | ||
| 020 | _a9789583046438 | ||
| 040 |
_aCO-BoIAVH _cCO-BoIAVH |
||
| 041 | _aspa | ||
| 044 | _ack | ||
| 090 |
_aI-PAN _b05 |
||
| 100 | _aGauthier, Dosimont | ||
| 245 | 1 | 0 |
_aProfesor planeta: _bel deshielo |
| 246 |
_aProfesseur planete: _bla fonte des glaces |
||
| 260 |
_aBogotá: _bPanamericana editorial, _c2014. |
||
| 300 |
_a28 páginas _bilustraciones, _c27 x 21 cm |
||
| 650 | 1 | 4 | _aLiteratura infantil |
| 650 | 1 | 4 | _aEcologia |
| 650 | 1 | 4 | _aCambio climatico |
| 650 | 1 | 4 |
_aGlaciares _vDeshielo |
| 650 | 1 | 4 |
_aEspecies en riesgo _vExtinción |
| 700 |
_aCamacho, Ernesto _etraductor |
||
| 700 |
_aRealpe Bolaños, Leonardo _eeditor |
||
| 942 |
_2z _cLIBRO |
||
| 999 |
_c19859 _d19859 |
||